000 00656nam a22002177a 4500
003 UA-OsUOA
001 65457
007 ta
008 20091124b un ||||| |||| 00| 0 ukr d
100 _aМальцев А.
090 _a330
_bМ21
942 _cSA
040 _aUA-OsUOA
_brus
_cUA-OsUOA
_dUA-OsUOA
245 _aСпецифика влияния сырьевого фактора на экономическое развитие США
300 _aС.42-49
955 _a0
041 _arus
080 _a330
773 0 _w65456
_tМеждународная экономика
_dМ.
_d2009
_g8
650 7 _a330 Економіка взагалі
_2UDC
999 _c352630
_d352630